Nőies és férfias iskolázási magatartások - iskolai ideológiák

Elmentve itt :
Bibliográfiai részletek
Szerzők: Forray R. Katalin
Hegedűs T. András
Dokumentumtípus: Cikk
Megjelent: 1987
Sorozat:Magyar pedagógia : a Magyar Tudományos Akadémia Pedagógiai Bizottságának folyóirata 87 No. 3
Kulcsszavak:Pszichológia nevelés ideológiák, Iskolai ideológiák
Online Access:http://misc.bibl.u-szeged.hu/13451
LEADER 00778nab a2200193 i 4500
001 misc13451
005 20191106141409.0
008 170607s1987 hu o 0|| hun d
022 |a 0025-0260 
040 |a SZTE Miscellanea Repozitórium  |b hun 
041 |a hun 
100 2 |a Forray R. Katalin 
245 1 0 |a Nőies és férfias iskolázási magatartások - iskolai ideológiák  |h [elektronikus dokumentum] /  |c  Forray R. Katalin 
260 |c 1987 
300 |a 231-247 
490 0 |a Magyar pedagógia : a Magyar Tudományos Akadémia Pedagógiai Bizottságának folyóirata  |v 87 No. 3 
695 |a Pszichológia nevelés ideológiák, Iskolai ideológiák 
700 0 2 |a Hegedűs T. András  |e aut 
856 4 0 |u http://misc.bibl.u-szeged.hu/13451/1/mp_1987_003_5849_231-247.pdf  |z Dokumentum-elérés